00466nam a2200181Ia 45000030006000000050017000060080041000230400009000640410012000730820016000851000019001012450022001202600014001423000008001569420007001649990017001719520096001880Nust20170105110255.0161124s9999 xx 000 0 und d cIGIS aEnglish a616.07bMUH aFateh Muhammad aGeneral Pathology apakc1995 a155 cBK c30893d30893 001040708TextaIGISbIGISd0000-00-00l0o616.07MUHpIGIS712r2017-01-05w0000-00-00yBK